| 000 | 02023cam a2200337 a 4500 | ||
|---|---|---|---|
| 001 | 16022125 | ||
| 005 | 20170105102849.0 | ||
| 008 | 091214s2010 nyua b 001 0 eng | ||
| 010 | _a 2009049577 | ||
| 020 | _a9781583671993 (pbk.) | ||
| 020 | _a9781583672006 (cloth) | ||
| 040 |
_aDLC _cDLC _dDLC |
||
| 043 |
_an-us--- _aa-iq--- |
||
| 050 | 0 | 0 |
_aP96.W352 _bD56 2010 |
| 082 | 0 | 0 |
_a070.4/49355020973 _222 |
| 100 | 1 |
_aDimaggio, Anthony R., _d1980- |
|
| 245 | 1 | 0 |
_aWhen media goes to war : _bhegemonic discourse, public opinion, and the limits of dissent / _cby Anthony DiMaggio. |
| 260 |
_aNew York, NY : _bMonthly Review Press, _c2010. |
||
| 300 |
_a384 p. : _bill. ; _c23 cm. |
||
| 504 | _aIncludes bibliographical references (p. [309]-318) and index. | ||
| 505 | 0 | _aIntroduction: propaganda and the news in a time of terror -- Withdrawal pains: Iraq and the politics of media deference -- There are no protestors here: media marginalizaition and the antiwar movement -- Worthy and unworthy victims of history: the politicization of genocide and human rights in U.S. foreign policy -- Journalistic norms and propaganda: Iraq and the war on terror -- Iran, nuclear weapons, and the politics of fear -- Media, globalization, and violence: views from around the world -- Public rationality, political elitism, and opposition to war -- Media effects on public opinion: propaganda, indoctrination, and mass resistance -- Propaganda, celebrity gossip, and the decline of news -- Postscript: media coverage in the age of Obama. | |
| 650 | 0 |
_aMass media and war _zUnited States. |
|
| 650 | 0 |
_aMass media _xObjectivity _zUnited States. |
|
| 650 | 0 |
_aMass media and propaganda _zUnited States. |
|
| 650 | 0 |
_aIraq War, 2003-2011 _xMass media and the war. |
|
| 650 | 0 |
_aIraq War, 2003-2011 _xPropaganda. |
|
| 650 | 0 |
_aPublic opinion _zUnited States. |
|
| 906 |
_a7 _bcbc _corignew _d1 _eecip _f20 _gy-gencatlg |
||
| 942 |
_2ddc _cBK |
||
| 999 |
_c14182 _d14182 |
||